Dogs in Film and TV - Statistics

General Stats
  • This quiz has been taken 33 times
  • The average score is 8 of 16
Answer Stats
Picture Answer % Correct
Lassie
90%
Toto
90%
Pluto
87%
Gromit
74%
Beethoven
68%
Cujo
65%
Santa's Little Helper
65%
Slinky
65%
Astro
48%
Fang
39%
Einstein
32%
Bruiser
23%
Porkchop
13%
Paul Anka
10%
Doc
6%
Chief
3%
No matching quizzes found
Score Distribution
Percent of People with Each Score
Percentile by Number Answered
Your Score History
You have not taken this quiz